000 00563nam a2200205Ii 4500
003 JO-AjNU
008 230606s9999||||xx |||||||||||||| ||und||
020 _a540-40867-3
040 _aJO-AjNU
_beng
_erda
_cJO-AjNU
041 _aeng
050 1 4 _aQA76.9.2004
100 3 _aNahrstedt,Klara/Steinmetz,Ralf,
_eauthor
_9911
245 0 0 _aMultimedia Systems
264 3 1 _aSpringer:Berline,2004
300 _a466p
336 _atext
_btxt
_2rdacontent
337 _aunmediated
_bn
_2rdamedia
338 _avolume
_bnc
_2rdacarrier
650 4 _aMultimedia Systems
_9912
999 _aE480
_c480
_d480